| 000 | 01033nam a22001817a 4500 | ||
|---|---|---|---|
| 999 |
_c63396 _d63396 |
||
| 003 | Ge_BSU | ||
| 005 | 20250929203838.0 | ||
| 008 | 250929s1955 ge ||||| |||| 00| 0 geo d | ||
| 041 | _ageo | ||
| 080 | _a631.115.6(479.224)(09) ჟ-99 | ||
| 100 |
_aჟღენტი, თ. _925903 |
||
| 245 |
_aაფხაზეთის ასსრ სოფელ ოქუმის ლენინის სახელობის კოლმეურნეობის ისტორია / _cსაქ. სსრ მეცნ. აკად., დ. გულიას სახ. აფხაზეთის ენის, ლიტ-რისა და ისტ. ინ-ტი. |
||
| 264 |
_a[სოხუმი] : _bაფხაზეთის სახელგამი, _c1955. |
||
| 300 |
_a199გვ. ; _b21სმ. |
||
| 504 | _aბიბლიოგრ. შენიშვნებში. | ||
| 653 | _aკოლმეურნეობების ისტორია აფხაზეთში | ||
| 942 |
_2udc _cᲬᲘᲒᲜᲘ |
||